LEADER 01228nam2-2200409---450- 001 990000987160203316 005 20050512134930.0 035 $a0098716 035 $aUSA010098716 035 $a(ALEPH)000098716USA01 035 $a0098716 100 $a20020225d--------km-y0ITAy01------ba 101 $aita 102 $aIT 105 $a00||| 200 1 $a1$fa cura di Giulio C. Lepschy 210 $aBologna$cIl mulino 215 $a310 p.$d24 cm 225 2 $aStrumenti$iLinguistica e critica letteraria 410 $12001$aStrumenti$iLinguistica e critica letteraria 461 $10010098715$12001$aStoria della linguistica 606 $aLinguistica$xStoria 676 $a410.9 702 1$aLEPSCHY,$bGiulio C. 801 0$aIT$bsalbc$gISBD 912 $a990000987160203316 951 $aIV.2. 845/1b(XII B 46 1C)$b143644 LM$cXII B 951 $aIV.2. 845/1(XII B 46 1 BIS)$b107579 LM$cXII B 951 $aIV.2. 845/1a(XII B 46 1 A)$b107983 LM$cXII B 959 $aBK 969 $aUMA 979 $aPATTY$b90$c20020225$lUSA01$h1537 979 $c20020403$lUSA01$h1740 979 $aPATRY$b90$c20040406$lUSA01$h1708 979 $aCOPAT2$b90$c20050512$lUSA01$h1349 996 $a1$961339 997 $aUNISA LEADER 01678nam0 2200385 i 450 001 VAN00103860 005 20240806100724.428 017 70$2N$a978-3-319-08138-0 100 $a20151127d2014 |0itac50 ba 101 $aeng 102 $aCH 105 $a|||| ||||| 200 1 $aExtended abstracts spring 2013$ecomplex systems ; control of infectious diseases$fÁlvaro Corral ... [et al.] editors 210 $aCham$cSpringer$d2014 215 $aVII, 130 p.$cill.$d24 cm 410 1$1001VAN00103394$12001 $aTrends in mathematics. Research perspectives CRM Barcelona$1210 $aBasel [etc.]$cBirkhäuser$v2 500 1$3VAN00241018$aExtended abstracts spring 2013$91409858 606 $a37Fxx$xDynamical systems over complex numbers [MSC 2020]$3VANC020362$2MF 606 $a92Dxx$xGenetics and population dynamics [MSC 2020]$3VANC025533$2MF 610 $aComplex Networks$9KW:K 610 $aCriticality$9KW:K 610 $aQuantitative biology$9KW:K 610 $aSystems biology$9KW:K 610 $aVirus dynamics$9KW:K 620 $aCH$dCham$3VANL001889 702 1$aCorral$bÁlvaro$3VANV080963 712 $aSpringer $3VANV108073$4650 801 $aIT$bSOL$c20250221$gRICA 856 4 $uhttp://dx.doi.org/10.1007/978-3-319-08138-0$zE-book ? Accesso al full-text attraverso riconoscimento IP di Ateneo, proxy e/o Shibboleth 899 $aBIBLIOTECA CENTRO DI SERVIZIO SBA$2VAN15 912 $fN 912 $aVAN00103860 950 $aBIBLIOTECA CENTRO DI SERVIZIO SBA$d15CONS SBA EBOOK 4558 $e15EB 4558 20191106 996 $aExtended abstracts spring 2013$91409858 997 $aUNICAMPANIA